[Event "5th American Continental (w)"]
[Site "Cali COL"]
[Date "2009.09.05"]
[Round "6.4"]
[White "Arribas Robaina, Maritza"]
[Black "Marrero Lopez, Yaniet"]
[Result "1/2-1/2"]
[WhiteElo "2328"]
[BlackElo "2259"]
[EventDate "2009.09.01"]
[PlyCount "54"]

1.c4 Nf6 2.Nc3 e5 3.g3 Nc6 4.Bg2 Bb4 5.Nd5 Bc5 6.e3 O-O 7.Ne2 Nxd5 8.cxd5 
Nb4 9.d4 exd4 10.exd4 Be7 11.a3 Na6 12.O-O c6 13.Nc3 Nc7 14.Bf4 Nxd5 15.
Nxd5 cxd5 16.Bxd5 Qb6 17.Qd2 d6 18.Rfe1 Bf6 19.Rad1 Bg4 20.f3 Bd7 21.Qb4 
Qxb4 22.axb4 Rfd8 23.g4 g5 24.Bg3 Rac8 25.Bxb7 Rb8 26.Be4 Ba4 27.Rd2 Rxb4 
1/2-1/2

[Event "5th American Continental (w)"]
[Site "Cali COL"]
[Date "2009.09.05"]
[Round "6.5"]
[White "Mateus Urbano, Martha"]
[Black "Ordaz Valdes, Lisandra"]
[Result "1/2-1/2"]
[WhiteElo "2143"]
[BlackElo "2283"]
[EventDate "2009.09.01"]
[PlyCount "35"]

1.e4 e5 2.Nf3 Nf6 3.Nxe5 d6 4.Nf3 Nxe4 5.Nc3 Nxc3 6.dxc3 Be7 7.Bf4 Nc6 8.
Qd2 Be6 9.O-O-O Qd7 10.Kb1 a6 11.Ng5 Bxg5 12.Bxg5 f6 13.Be3 O-O-O 14.Be2 
Rhe8 15.h4 Re7 16.h5 Rde8 17.Rh4 Bf5 18.Bd3 1/2-1/2

[Event "5th American Continental (w)"]
[Site "Cali COL"]
[Date "2009.09.05"]
[Round "6.6"]
[White "Vasquez Ramirez, Rocio"]
[Black "Heredia Serrano, Carla"]
[Result "1-0"]
[WhiteElo "2285"]
[BlackElo "2152"]
[EventDate "2009.09.01"]
[PlyCount "73"]

1.e4 c6 2.c4 d5 3.cxd5 cxd5 4.exd5 Nf6 5.Bb5+ Nbd7 6.Nc3 a6 7.Be2 Nb6 8.
Bf3 Nbxd5 9.Nge2 e6 10.O-O Be7 11.d4 h6 12.Nf4 O-O 13.Nfxd5 Nxd5 14.Nxd5 
exd5 15.Qb3 Bf6 16.Be3 Be6 17.Rfc1 Qd7 18.Rc3 Rac8 19.Rac1 Rxc3 20.Rxc3 
Rc8 21.Rxc8+ Qxc8 22.Bxd5 Bxd5 23.Qxd5 Qc2 24.h3 Qxb2 25.Qc4 Qb1+ 26.Kh2 
Qe4 27.Qc8+ Kh7 28.Qd7 Qe7 29.Qf5+ Kg8 30.g3 Qe6 31.Qf3 Qc6 32.d5 Qd6 33.
Qe4 Qe5 34.Qc4 b5 35.Qc6 Qe4 36.Qc8+ Kh7 37.d6 1-0

[Event "5th American Continental (w)"]
[Site "Cali COL"]
[Date "2009.09.05"]
[Round "6.7"]
[White "Linares Napoles, Oleiny"]
[Black "Orozco Lopez, Luz Elena"]
[Result "1-0"]
[WhiteElo "2265"]
[BlackElo "2118"]
[EventDate "2009.09.01"]
[PlyCount "67"]

1.e4 c5 2.Nf3 Nc6 3.c3 d5 4.exd5 Qxd5 5.d4 Nf6 6.Be3 cxd4 7.cxd4 e6 8.a3 
Be7 9.Nc3 Qd6 10.Bd3 O-O 11.O-O Rd8 12.Qe2 b6 13.Rad1 Bd7 14.Rfe1 Rac8 15.
Bb1 Qb8 16.Bg5 h6 17.Bh4 Nh7 18.d5 Bxh4 19.dxc6 Bxf2+ 20.Qxf2 Bxc6 21.Ne5 
Qb7 22.Nxc6 Rxd1 23.Rxd1 Qxc6 24.Bxh7+ Kxh7 25.Qxf7 Qc5+ 26.Qf2 Qe7 27.Qe3
e5 28.Rd5 Re8 29.h3 Qf6 30.Rd7 a6 31.Ne4 Qc6 32.Rd6 Qc2 33.Nf6+ gxf6 34.
Rd7+ 1-0

[Event "5th American Continental (w)"]
[Site "Cali COL"]
[Date "2009.09.05"]
[Round "6.8"]
[White "Morales Mendoza, Luciana"]
[Black "Franco Valencia, Beatriz Irene"]
[Result "1-0"]
[WhiteElo "2172"]
[BlackElo "2188"]
[EventDate "2009.09.01"]
[PlyCount "95"]

1.d4 Nf6 2.Bg5 d5 3.Bxf6 exf6 4.e3 Be6 5.Nd2 Bd6 6.Ngf3 c6 7.Bd3 Nd7 8.b3 
c5 9.O-O O-O 10.c4 cxd4 11.exd4 b6 12.Re1 Rc8 13.Qc2 h6 14.Bh7+ Kh8 15.Qd3
Re8 16.cxd5 Bxd5 17.Rxe8+ Qxe8 18.Re1 Qd8 19.Be4 Bxe4 20.Qxe4 Qc7 21.Nc4 
Bb4 22.Rd1 b5 23.Ne3 Nb6 24.h4 Qd7 25.d5 Bd6 26.Nd4 Re8 27.Qd3 a6 28.a4 
bxa4 29.Qxa6 Bc7 30.bxa4 Nxa4 31.Nb5 Nb2 32.Nxc7 Rxe3 33.Rb1 Rd3 34.Qc6 
Qxc6 35.dxc6 Nc4 36.Rb8+ Kh7 37.Nb5 Rd1+ 38.Kh2 Rc1 39.c7 Nd6 40.Nxd6 Rxc7
41.Rb7 Rc2 42.Nxf7 Rxf2 43.h5 Kg8 44.Nd6 Kf8 45.Kg3 Rf1 46.Kg4 Rf2 47.g3 
Re2 48.Rb8+ 1-0

[Event "5th American Continental (w)"]
[Site "Cali COL"]
[Date "2009.09.05"]
[Round "6.9"]
[White "Castrillon Gomez, Melissa"]
[Black "Amura, Claudia"]
[Result "0-1"]
[WhiteElo "2031"]
[BlackElo "2335"]
[EventDate "2009.09.01"]
[PlyCount "56"]

1.e4 g6 2.d4 Bg7 3.Nc3 c5 4.Be3 Qa5 5.Qd2 cxd4 6.Bxd4 Nf6 7.e5 Ng4 8.h3 
Nh6 9.e6 O-O 10.Bxg7 Kxg7 11.exf7 Nc6 12.O-O-O d6 13.h4 Bf5 14.h5 Nxf7 15.
Bc4 Nce5 16.Bb3 Rac8 17.Nf3 Nc4 18.Bxc4 Rxc4 19.hxg6 Bxg6 20.Nd4 Rfc8 21.
Ne6+ Kg8 22.Rh3 Qf5 23.Qe2 b5 24.Rdd3 b4 25.Rdf3 Qe5 26.Qxe5 Nxe5 27.Nd5 
Rxc2+ 28.Kd1 Rc1+ 0-1

[Event "5th American Continental (w)"]
[Site "Cali COL"]
[Date "2009.09.05"]
[Round "6.10"]
[White "Mendoza Velazquez, Lorena Aleja"]
[Black "Ortiz Aguirre, Nadya Karolina"]
[Result "0-1"]
[WhiteElo "1973"]
[BlackElo "2218"]
[EventDate "2009.09.01"]
[PlyCount "68"]

1.c4 g6 2.g3 Bg7 3.Bg2 d6 4.Nf3 e5 5.Nc3 Nc6 6.O-O f5 7.d3 Nf6 8.Bg5 h6 9.
Bxf6 Qxf6 10.Nd5 Qf7 11.Rb1 O-O 12.b4 g5 13.Nd2 Kh8 14.f4 exf4 15.gxf4 g4 
16.e3 Nd8 17.b5 c6 18.Nb4 Qe8 19.e4 a5 20.Nc2 Bd7 21.a4 Ne6 22.exf5 Rxf5 
23.Qxg4 Qf8 24.bxc6 bxc6 25.Be4 Rxf4 26.Rxf4 Qxf4 27.Qxf4 Nxf4 28.Rb7 Rd8 
29.Nb3 d5 30.Bf3 Nxd3 31.Nxa5 Bc3 32.Nb3 Rg8+ 33.Bg2 Bh3 34.Ne3 d4 0-1

[Event "5th American Continental (w)"]
[Site "Cali COL"]
[Date "2009.09.05"]
[Round "6.11"]
[White "Fandino Reyes, Roquelina"]
[Black "Franco Valencia, Angela Maria"]
[Result "0-1"]
[WhiteElo "2199"]
[BlackElo "2170"]
[EventDate "2009.09.01"]
[PlyCount "59"]

1.e4 d5 2.exd5 Qxd5 3.Nc3 Qa5 4.Nf3 Nf6 5.d4 c6 6.Bc4 Bf5 7.O-O e6 8.Re1 
Nbd7 9.h3 Bb4 10.Bd2 Qc7 11.Nh4 Bg6 12.Nxg6 hxg6 13.Qe2 O-O-O 14.a3 Bd6 
15.b4 Rh5 16.Red1 g5 17.f3 Rdh8 18.Qf1 g4 19.f4 gxh3 20.g3 h2+ 21.Kh1 Rh3 
22.Qg2 g5 23.Ne2 Nd5 24.Rf1 N7b6 25.Bd3 Na4 26.Rab1 gxf4 27.Nxf4 Nxf4 28.
gxf4 Bxf4 29.Rxf4 R8h6 30.Rff1 0-1

[Event "5th American Continental (w)"]
[Site "Cali COL"]
[Date "2009.09.05"]
[Round "6.12"]
[White "Chirivi Castiblanco, Jenny Astrid"]
[Black "Salazar Cardona, Aura Cristina"]
[Result "0-1"]
[WhiteElo "2195"]
[BlackElo "2069"]
[EventDate "2009.09.01"]
[PlyCount "92"]

1.d4 Nf6 2.c4 g6 3.Nc3 Bg7 4.e4 d6 5.f3 O-O 6.Bg5 c5 7.d5 e6 8.Qd2 exd5 9.
cxd5 a6 10.a4 Qa5 11.Ra3 Nbd7 12.Nh3 c4 13.Nf2 Qb4 14.Nfd1 Ne5 15.Be2 Nfd7
16.O-O Nc5 17.f4 Ned3 18.Bxd3 Nxd3 19.f5 Be5 20.Be7 Re8 21.f6 Rxe7 22.fxe7
Bd7 23.Kh1 Re8 24.Ra1 Rxe7 25.Qc2 f5 26.exf5 Bxf5 27.Ne3 Qxb2 28.Qxb2 Nxb2
29.Nxf5 gxf5 30.Rac1 Bd4 31.Nd1 b5 32.axb5 axb5 33.Rb1 Re2 34.g3 Kg7 35.
Nxb2 Bxb2 36.Rxf5 c3 37.Rff1 b4 38.g4 Ba3 39.Rf3 c2 40.Rbf1 c1=Q 41.Rf7+ 
Kg6 42.Rf6+ Kg5 43.h4+ Kxg4 44.Rxc1 Bxc1 45.Rf1 Bf4 46.Rg1+ Kh3 0-1

[Event "5th American Continental (w)"]
[Site "Cali COL"]
[Date "2009.09.05"]
[Round "6.13"]
[White "Aliaga Fernandez, Ingrid"]
[Black "Romero Echeverria, Abigail"]
[Result "0-1"]
[WhiteElo "2140"]
[BlackElo "2064"]
[EventDate "2009.09.01"]
[PlyCount "120"]

1.e4 c5 2.Nf3 e6 3.d4 cxd4 4.Nxd4 a6 5.c4 Nf6 6.Nc3 Bb4 7.Bd3 Nc6 8.Ne2 d6
9.O-O Bc5 10.Nf4 Ne5 11.Be2 h6 12.Nd3 Bd4 13.Nxe5 dxe5 14.Qc2 O-O 15.Kh1 
Bd7 16.f4 Bc6 17.Bf3 Qc7 18.Ne2 Rad8 19.Rd1 Bc5 20.Bd2 Bd6 21.c5 Bb5 22.
Rac1 Be7 23.fxe5 Bd3 24.Qa4 Nxe4 25.Be3 Qxe5 26.Bd4 Rxd4 27.Qxd4 Qxd4 28.
Nxd4 Nf2+ 29.Kg1 Nxd1 30.Rxd1 Bxc5 31.Rxd3 e5 32.Bxb7 Bxd4+ 33.Kf1 Rb8 34.
Rb3 a5 35.Rb5 Kf8 36.Ke2 Ke7 37.b3 f5 38.Ba6 Rxb5 39.Bxb5 e4 40.h3 g5 41.
Bc6 Kd6 42.Be8 Ke5 43.Bh5 Kf4 44.Bg6 g4 45.h4 g3 46.h5 Ke5 47.Be8 f4 48.
Bd7 f3+ 49.Kf1 Kf4 50.Bc6 Bf2 51.a3 Bc5 52.a4 Bf2 53.Bb7 Bc5 54.Bc6 Ke3 
55.Bb7 Bd6 56.Bc6 fxg2+ 57.Kxg2 Kd3 58.Kf1 e3 59.Bf3 g2+ 60.Kxg2 e2 0-1

[Event "5th American Continental (w)"]
[Site "Cali COL"]
[Date "2009.09.05"]
[Round "6.14"]
[White "Chumpitaz Carbajal, Ann"]
[Black "Ubaldo Suarez, Maria Gisela"]
[Result "0-1"]
[WhiteElo "2017"]
[BlackElo "2120"]
[EventDate "2009.09.01"]
[PlyCount "100"]

1.e4 c5 2.Nf3 d6 3.d4 cxd4 4.Nxd4 Nf6 5.Nc3 g6 6.Be3 Bg7 7.f3 Nc6 8.Qd2 
O-O 9.Bc4 Bd7 10.Bb3 Qa5 11.h4 h5 12.O-O-O Rfc8 13.Kb1 Ne5 14.Bg5 Rc5 15.
Bxf6 Bxf6 16.Nd5 Rxd5 17.Bxd5 Qb6 18.c3 a5 19.g4 e6 20.g5 Bg7 21.f4 Ng4 
22.Bb3 a4 23.Bc2 e5 24.Ne2 Nf2 25.Qxd6 Bc6 26.fxe5 Nxh1 27.Rxh1 Rd8 28.Qe7
Re8 29.Qb4 Qe3 30.Qc4 Qf3 31.Rd1 Bxe5 32.Nc1 Qg4 33.Rf1 Re7 34.Qc5 Re6 35.
Qf2 Re7 36.Nd3 Bg3 37.Qf6 Qe6 38.Nc5 Qxf6 39.gxf6 Re5 40.Nxa4 Bxh4 41.b4 
Re6 42.Nc5 Rxf6 43.Rd1 Rf3 44.Bd3 Be7 45.Kb2 Bxc5 46.bxc5 h4 47.Bc2 Rf2 
48.Kb3 Rxc2 49.Rd8+ Kg7 50.Kxc2 Bxe4+ 0-1

[Event "5th American Continental (w)"]
[Site "Cali COL"]
[Date "2009.09.05"]
[Round "6.15"]
[White "Naipal, Victoria"]
[Black "Hernandez Guerrero, Yadira"]
[Result "0-1"]
[WhiteElo "1795"]
[BlackElo "2199"]
[EventDate "2009.09.01"]
[PlyCount "74"]

1.d4 Nf6 2.c4 g6 3.Nc3 Bg7 4.e4 d6 5.f3 O-O 6.Be3 b6 7.Qd2 c5 8.d5 e6 9.
Bd3 exd5 10.cxd5 Nbd7 11.Nge2 Ne5 12.O-O a6 13.a4 Rb8 14.Nc1 Re8 15.Qe2 
Nxd3 16.Nxd3 b5 17.axb5 axb5 18.Qf2 b4 19.Nb1 Nxd5 20.Kh1 Nxe3 21.Qxe3 c4 
22.Nf4 Bxb2 23.Ra2 Bg7 24.Nd5 Be6 25.Qd2 c3 26.Qd3 Bxd5 27.exd5 Qf6 28.Rc2
Re7 29.Rff2 Re1+ 30.Rf1 Rbe8 31.Rc1 Rxf1+ 32.Qxf1 Qd4 33.h3 h5 34.Rd1 Qe3 
35.Qc4 Qf2 36.Qxb4 Re2 37.Rg1 Bd4 0-1

[Event "5th American Continental (w)"]
[Site "Cali COL"]
[Date "2009.09.05"]
[Round "6.16"]
[White "Gutierrez Salazar, Leonela Karina"]
[Black "Orozco Lopez, Lina Yomayra"]
[Result "1/2-1/2"]
[WhiteElo "1920"]
[BlackElo "2117"]
[EventDate "2009.09.01"]
[PlyCount "109"]

1.e4 c5 2.Nf3 e6 3.d4 cxd4 4.Nxd4 Nc6 5.Be3 a6 6.Bd3 Qc7 7.Nc3 Nf6 8.O-O 
b5 9.a3 Bb7 10.Kh1 h5 11.f4 d6 12.Qe2 Be7 13.Bg1 h4 14.Qf2 Nh5 15.Nce2 Bf6
16.c3 Ne7 17.Qf3 Rd8 18.Rfd1 e5 19.fxe5 dxe5 20.Nf5 Nxf5 21.Qxf5 Ng3+ 22.
Nxg3 hxg3 23.h3 Qd7 24.Qxd7+ Rxd7 25.Bc2 Rh4 26.Rxd7 Kxd7 27.Re1 Bg5 28.
Be3 Be7 29.Ba7 Kc7 30.Re3 Bf6 31.Kg1 Bc6 32.Kf1 Rf4+ 33.Rf3 Rxf3+ 34.gxf3 
Bg5 35.Bc5 f5 36.Kg2 f4 37.Bb3 Kd7 38.Bd5 Bf6 39.b3 Bxd5 40.exd5 a5 41.a4 
bxa4 42.bxa4 e4 43.fxe4 Bxc3 44.Bf8 g6 45.Bh6 Be5 46.Bf8 Bc3 47.Bh6 Bd2 
48.Bf8 Bc3 49.Bh6 Be5 50.Bf8 g5 51.Bh6 Bf6 52.Bf8 Kc7 53.Bc5 Bc3 54.Kf3 
Kd7 55.Bf8 1/2-1/2

[Event "5th American Continental (w)"]
[Site "Cali COL"]
[Date "2009.09.05"]
[Round "6.17"]
[White "Chavez Restrepo, Diana Maria"]
[Black "Panesso Rivera, Jenny"]
[Result "0-1"]
[WhiteElo "1884"]
[BlackElo "1971"]
[EventDate "2009.09.01"]
[PlyCount "86"]

1.d4 Nf6 2.c4 g6 3.Nc3 Bg7 4.e4 d6 5.Nf3 O-O 6.Be2 c6 7.O-O Nbd7 8.b4 a5 
9.bxa5 c5 10.Bb2 Qxa5 11.Qc2 cxd4 12.Nxd4 Qb6 13.Rfd1 Nc5 14.Rab1 Bd7 15.
Ba3 Qc7 16.Bxc5 dxc5 17.Ndb5 Bxb5 18.Rxb5 b6 19.Bf3 Rab8 20.Rdb1 Nd7 21.
Nd5 Qd6 22.a3 e6 23.Nc3 Be5 24.g3 h5 25.Bg2 h4 26.f4 Qd4+ 27.Kf1 Qxc3 28.
Qxc3 Bxc3 29.e5 hxg3 30.hxg3 Rbc8 31.Ke2 Ba5 32.Rd1 Nb8 33.Rbb1 Nc6 34.
Bxc6 Rxc6 35.Rh1 Kg7 36.Rbd1 Rcc8 37.Kf3 Rh8 38.Rxh8 Rxh8 39.Kg2 Rb8 40.
Rd3 b5 41.Rb3 b4 42.a4 Rd8 43.Kh3 Rd2 0-1

[Event "5th American Continental (w)"]
[Site "Cali COL"]
[Date "2009.09.05"]
[Round "6.18"]
[White "Talavera Paredes, Ana"]
[Black "Tobar, Estefania"]
[Result "1/2-1/2"]
[WhiteElo "1607"]
[BlackElo "1840"]
[EventDate "2009.09.01"]
[PlyCount "76"]

1.d4 d5 2.Nf3 e6 3.c4 Nf6 4.Nc3 Nbd7 5.Bg5 Be7 6.e3 h6 7.Bh4 O-O 8.Bd3 b6 
9.O-O Bb7 10.a3 c5 11.Bg3 a6 12.Rc1 Rc8 13.cxd5 exd5 14.Qe2 c4 15.Bf5 Ra8 
16.Ne5 Nxe5 17.Bxe5 Re8 18.Qf3 Kh8 19.Qg3 Bc8 20.Bxc8 Rxc8 21.Bxf6 Bxf6 
22.Qf3 b5 23.Nxd5 Kg8 24.Nxf6+ Qxf6 25.Qxf6 gxf6 26.Rfd1 Red8 27.Rc2 Rd5 
28.Re2 a5 29.e4 Rd7 30.Re3 b4 31.axb4 axb4 32.d5 c3 33.bxc3 bxc3 34.Rc1 
Rdc7 35.f3 c2 36.Re2 Rc3 37.Kf2 Kf8 38.Rd2 Kg7 1/2-1/2

[Event "5th American Continental (w)"]
[Site "Cali COL"]
[Date "2009.09.05"]
[Round "6.21"]
[White "Mesa Brenda, Sofia"]
[Black "Salazar Dirsa, Marcela"]
[Result "1-0"]
[WhiteElo "1894"]
[BlackElo "1946"]
[EventDate "2009.09.01"]
[PlyCount "85"]

1.e4 c5 2.Nf3 d6 3.d4 cxd4 4.Nxd4 Nf6 5.Nc3 a6 6.Be3 e6 7.f3 b5 8.Qd2 Nbd7
9.O-O-O Nb6 10.Kb1 Bb7 11.g4 Nfd7 12.Bd3 b4 13.Nce2 Ne5 14.h3 Qc7 15.f4 
Nec4 16.Bxc4 Nxc4 17.Qd3 Nxe3 18.Qxe3 Rc8 19.Qd3 Be7 20.Rhf1 O-O 21.g5 Qc4
22.h4 Rc7 23.Qxc4 Rxc4 24.Ng3 Rfc8 25.Rf2 g6 26.f5 e5 27.Nb3 Bxe4 28.Nxe4 
Rxe4 29.f6 Bf8 30.Rh2 Rcc4 31.Rdh1 Rg4 32.Nd2 Rcf4 33.Nf1 Rf3 34.b3 h6 35.
Kb2 Rgf4 36.Nd2 Rf2 37.Rxf2 Rxf2 38.Nc4 Rf4 39.Kc1 hxg5 40.hxg5 Rg4 41.Ne3
Rxg5 42.Nd5 a5 43.Ne7+ 1-0

[Event "5th American Continental (w)"]
[Site "Cali COL"]
[Date "2009.09.05"]
[Round "7.1"]
[White "Cori Tello, Deysi"]
[Black "Fierro Baquero, Martha"]
[Result "1/2-1/2"]
[WhiteElo "2361"]
[BlackElo "2386"]
[EventDate "2009.09.01"]
[PlyCount "104"]

1.d4 Nf6 2.Nf3 g6 3.c4 Bg7 4.Nc3 O-O 5.g3 d6 6.Bg2 Nc6 7.d5 Na5 8.Nd2 c5 
9.O-O a6 10.a3 Ng4 11.e4 Rb8 12.Qe2 b5 13.cxb5 axb5 14.Nxb5 Ba6 15.a4 Ne5 
16.Rb1 Nd7 17.Re1 Nb6 18.b3 Na8 19.Nc4 Bxb5 20.axb5 Rxb5 21.Nxd6 Rxb3 22.
Rxb3 Nxb3 23.Nc4 Nd4 24.Qa2 Nc7 25.Bf4 Ncb5 26.Qa6 Qa8 27.Qxa8 Rxa8 28.e5 
Rd8 29.Kf1 h6 30.h4 Nc3 31.Ra1 Nxd5 32.Bxd5 Rxd5 33.Ra8+ Kh7 34.Nb6 Rxe5 
35.Bxe5 Bxe5 36.Ra7 Nc6 37.Rb7 Kg7 38.Nc4 Bf6 39.Rc7 Ne5 40.Ne3 c4 41.Ke2 
h5 42.f4 Ng4 43.Nxg4 hxg4 44.Rxc4 e6 45.Rc5 Kh6 46.Kd3 Bd8 47.Rb5 Bf6 48.
Kc4 Ba1 49.Ra5 Bf6 50.Ra4 Bb2 51.Ra7 Kg7 52.Ra5 Kh6 1/2-1/2

[Event "5th American Continental (w)"]
[Site "Cali COL"]
[Date "2009.09.05"]
[Round "7.2"]
[White "Sanchez Castillo, Sarai"]
[Black "Llaudy Pupo, Lisandra"]
[Result "1-0"]
[WhiteElo "2224"]
[BlackElo "2212"]
[EventDate "2009.09.01"]
[PlyCount "113"]

1.e4 e5 2.Nf3 d6 3.Bc4 Be7 4.d4 exd4 5.Nxd4 Nf6 6.Nc3 O-O 7.O-O Nxe4 8.
Nxe4 d5 9.Bd3 dxe4 10.Bxe4 c6 11.Nf5 Bxf5 12.Bxf5 Na6 13.Qf3 Qd4 14.Re1 
Bf6 15.c3 Qb6 16.Be4 Qa5 17.Be3 Rfe8 18.g3 Re6 19.Bf5 Re5 20.Bc2 Rae8 21.
Red1 Qb5 22.Bd4 Qe2 23.Qd3 Re4 24.Bxa7 c5 25.Rab1 c4 26.Qxe2 Rxe2 27.Ba4 
R8e5 28.Bb6 Nc5 29.Bb5 Nd3 30.Bxc4 Re1+ 31.Rxe1 Nxe1 32.Be3 Nf3+ 33.Kg2 
Rxe3 34.fxe3 Nd2 35.Bxf7+ Kxf7 36.Rd1 Nc4 37.Rd7+ Ke6 38.Rxb7 Nxe3+ 39.Kf3
Nc4 40.a4 Kd6 41.Ke2 h6 42.b4 Kc6 43.Rb5 Be7 44.Rf5 Kb6 45.a5+ Ka6 46.Kd3 
Nd6 47.Re5 Nc8 48.Kc4 Bd8 49.Re6+ Kb7 50.Kb3 Na7 51.c4 Nc6 52.a6+ Kc7 53.
Ka4 Kd7 54.Rg6 Bf6 55.b5 Na7 56.b6 Nc8 57.b7 1-0

[Event "5th American Continental (w)"]
[Site "Cali COL"]
[Date "2009.09.05"]
[Round "7.3"]
[White "Ordaz Valdes, Lisandra"]
[Black "Arribas Robaina, Maritza"]
[Result "1/2-1/2"]
[WhiteElo "2283"]
[BlackElo "2328"]
[EventDate "2009.09.01"]
[PlyCount "89"]

1.d4 Nf6 2.c4 d6 3.Nc3 c6 4.Nf3 Bg4 5.e4 e6 6.Be2 Be7 7.Be3 O-O 8.O-O d5 
9.Nd2 Bxe2 10.Qxe2 dxe4 11.Ndxe4 Nxe4 12.Nxe4 Nd7 13.Rad1 Nf6 14.Nc5 Qc7 
15.Nd3 Rad8 16.b4 Rfe8 17.Qf3 Nd7 18.Rfe1 Nb6 19.Rc1 Bf8 20.a3 f6 21.Nc5 
Qf7 22.Red1 e5 23.dxe5 Rxd1+ 24.Qxd1 Rxe5 25.Qd3 Re8 26.g3 f5 27.Kg2 h6 
28.h4 Bxc5 29.Bxc5 f4 30.Bxb6 axb6 31.Qf3 fxg3 32.Qxf7+ Kxf7 33.Kxg3 Rd8 
34.Rc3 Rd4 35.a4 Kf6 36.a5 bxa5 37.bxa5 Ke5 38.Rb3 Rd7 39.Rb1 g6 40.Rb2 
Rd3+ 41.f3 Ra3 42.Rxb7 Rxa5 43.Rg7 Kf6 44.Rd7 Ke6 45.Rg7 1/2-1/2

[Event "5th American Continental (w)"]
[Site "Cali COL"]
[Date "2009.09.05"]
[Round "7.4"]
[White "Lujan, Carolina"]
[Black "Mateus Urbano, Martha"]
[Result "1-0"]
[WhiteElo "2295"]
[BlackElo "2143"]
[EventDate "2009.09.01"]
[PlyCount "51"]

1.e4 c5 2.Nf3 d6 3.d4 cxd4 4.Nxd4 Nf6 5.Nc3 a6 6.Be2 e5 7.Nb3 Be7 8.Be3 
Be6 9.Nd5 Nbd7 10.Qd3 Bxd5 11.exd5 Nc5 12.Nxc5 dxc5 13.O-O-O Qd6 14.g4 b5 
15.g5 c4 16.Qf5 g6 17.Qh3 Nd7 18.Kb1 O-O 19.Rhf1 c3 20.b3 Nb6 21.f4 e4 22.
f5 Rfc8 23.fxg6 fxg6 24.Bg4 Rc4 25.Be6+ Kh8 26.Bf4 1-0

[Event "5th American Continental (w)"]
[Site "Cali COL"]
[Date "2009.09.05"]
[Round "7.5"]
[White "Ramon Pita, Vivian"]
[Black "Vasquez Ramirez, Rocio"]
[Result "1-0"]
[WhiteElo "2217"]
[BlackElo "2285"]
[EventDate "2009.09.01"]
[PlyCount "124"]

1.Nf3 Nf6 2.b3 e6 3.Bb2 b6 4.e3 Bb7 5.d4 Be7 6.Nbd2 Ne4 7.Nxe4 Bxe4 8.Nd2 
Bb7 9.e4 O-O 10.Bd3 c5 11.dxc5 bxc5 12.Qg4 f6 13.Qh3 Nc6 14.a3 Qa5 15.Rd1 
Ba6 16.O-O Bxd3 17.Qxd3 Rad8 18.Nc4 Qc7 19.Qh3 Kh8 20.Ne3 Bd6 21.Nc4 Be7 
22.Qh5 g6 23.Qf3 Ne5 24.Qg3 d6 25.Ne3 Qb7 26.f4 Nc6 27.Rfe1 e5 28.Nd5 Nd4 
29.Qd3 g5 30.f5 Rf7 31.Qc4 Bf8 32.a4 Rb8 33.a5 Qb5 34.Qxb5 Rxb5 35.Bxd4 
cxd4 36.b4 Rfb7 37.Rb1 g4 38.Kf1 Kg7 39.Rb3 Rb8 40.Ke2 Kf7 41.Rh1 h5 42.h3
g3 43.Rxg3 Rc8 44.Kd1 Rc4 45.Rb3 Bh6 46.Re1 h4 47.g3 Rc8 48.Rg1 Rg8 49.Rg2
Bf4 50.g4 Rgb8 51.Ke2 Bg5 52.Kd3 Bh6 53.Rg1 Rc8 54.Rgb1 a6 55.Nb6 Rc6 56.
c4 dxc3 57.Rxc3 Rxc3+ 58.Kxc3 Be3 59.Nd5 Bd4+ 60.Kd3 Bc5 61.Kc4 Rb7 62.Rc1
Rb5 1-0

[Event "5th American Continental (w)"]
[Site "Cali COL"]
[Date "2009.09.05"]
[Round "7.6"]
[White "Marrero Lopez, Yaniet"]
[Black "Linares Napoles, Oleiny"]
[Result "1/2-1/2"]
[WhiteElo "2259"]
[BlackElo "2265"]
[EventDate "2009.09.01"]
[PlyCount "97"]

1.e4 d6 2.d4 Nf6 3.Nc3 g6 4.Be2 Bg7 5.h4 c5 6.dxc5 Qa5 7.Kf1 Qxc5 8.Be3 
Qa5 9.h5 Nxh5 10.Bxh5 Bxc3 11.bxc3 gxh5 12.Rxh5 Qxc3 13.Qd4 Qxd4 14.Bxd4 
Rg8 15.Rxh7 Nc6 16.Bc3 Be6 17.Nf3 Rc8 18.Ne1 Ne5 19.Bd4 Rc4 20.Bxe5 dxe5 
21.f3 Kd7 22.g4 Kc6 23.Rh5 Rd8 24.Rxe5 Rd2 25.a4 Rc3 26.Kg1 Re3 27.Rc5+ 
Kd6 28.Rb5 Bc4 29.Rxb7 Ree2 30.Rb4 Kc5 31.Rb8 Ba6 32.Rab1 Kc6 33.R8b3 Kd6 
34.Rb8 Ke5 35.Nd3+ Bxd3 36.cxd3 Kf4 37.Rh8 Rg2+ 38.Kh1 Kg3 39.g5 Ra2 40.
Rh6 Kf4 41.Rh7 Kg3 42.Rh6 Rh2+ 43.Rxh2 Rxh2+ 44.Kg1 Rd2 45.f4 Kxf4 46.Rf1+
Kg3 47.Rxf7 Rd1+ 48.Rf1 Rd2 49.g6 1/2-1/2

[Event "5th American Continental (w)"]
[Site "Cali COL"]
[Date "2009.09.05"]
[Round "7.7"]
[White "Amura, Claudia"]
[Black "Morales Mendoza, Luciana"]
[Result "1-0"]
[WhiteElo "2335"]
[BlackElo "2172"]
[EventDate "2009.09.01"]
[PlyCount "151"]

1.d4 e6 2.g3 Nf6 3.Bg2 d5 4.Nf3 Bd6 5.c4 c6 6.Nc3 O-O 7.O-O Nbd7 8.Qd3 Re8
9.Rd1 Qe7 10.Bg5 h6 11.Bxf6 Nxf6 12.e4 Bb4 13.e5 Nh7 14.h4 Bxc3 15.bxc3 b6
16.cxd5 cxd5 17.a4 a5 18.Qb5 Ba6 19.Qxb6 Reb8 20.Qd6 Qxd6 21.exd6 Rd8 22.
Ne5 Rac8 23.d7 Rxc3 24.Rdc1 Rxc1+ 25.Rxc1 f6 26.Nc6 Rxd7 27.Nxa5 Nf8 28.
Rc6 Ra7 29.Nb3 Bc4 30.Nc5 Kf7 31.f4 Nd7 32.Nxe6 Rxa4 33.f5 Ra1+ 34.Kh2 Ra2
35.Kh3 g5 36.Rc7 Ke7 37.Nc5 g4+ 38.Kxg4 Rxg2 39.Rxd7+ Ke8 40.Rg7 Be2+ 41.
Kf4 Bh5 42.g4 Bf7 43.Nb7 Kf8 44.Rh7 h5 45.Nd6 Rxg4+ 46.Ke3 Bg8 47.Rxh5 Kg7
48.Ne8+ Kf7 49.Nc7 Kg7 50.Ne6+ Bxe6 51.fxe6 Re4+ 52.Kd3 Rxe6 53.Rxd5 Re1 
54.h5 Kf7 55.Ra5 Ke6 56.Ra7 Rh1 57.Ra5 Rh4 58.Kc4 Kd6 59.Ra6+ Ke7 60.Ra7+ 
Kd6 61.Rh7 Rh1 62.h6 f5 63.Ra7 f4 64.Kd3 Rh4 65.Ke4 f3+ 66.Kxf3 Rxd4 67.h7
Rh4 68.Kg3 Rh1 69.Kf4 Ke6 70.Kg5 Rg1+ 71.Kh6 Rh1+ 72.Kg7 Rg1+ 73.Kf8 Rf1+ 
74.Kg8 Rg1+ 75.Rg7 Rb1 76.h8=Q 1-0

[Event "5th American Continental (w)"]
[Site "Cali COL"]
[Date "2009.09.05"]
[Round "7.8"]
[White "Ortiz Aguirre, Nadya Karolina"]
[Black "Salazar Cardona, Aura Cristina"]
[Result "0-1"]
[WhiteElo "2218"]
[BlackElo "2069"]
[EventDate "2009.09.01"]
[PlyCount "84"]

1.e4 c5 2.Nf3 d6 3.d4 cxd4 4.Nxd4 Nf6 5.Nc3 g6 6.Be3 Bg7 7.f3 O-O 8.Qd2 
Nc6 9.Bc4 Bd7 10.O-O-O Ne5 11.Bb3 Rc8 12.Kb1 Re8 13.h4 h5 14.g4 hxg4 15.h5
Nxh5 16.Bh6 e6 17.Bg5 Qb6 18.fxg4 Nxg4 19.Qg2 Nhf6 20.Rh4 Qc5 21.Bc1 b5 
22.Nce2 a5 23.c3 a4 24.Bc2 e5 25.Nf3 Qf2 26.Qxf2 Nxf2 27.Rxd6 Bg4 28.Neg1 
N2xe4 29.Rb6 Nd5 30.Ra6 Bxf3 31.Nxf3 Nexc3+ 32.bxc3 Nxc3+ 33.Kb2 e4 34.Ne1
Rc4 35.a3 b4 36.Bh6 Bd4 37.axb4 Rxb4+ 38.Kc1 Bf2 39.Rh1 Rd8 40.Bxa4 Nxa4 
41.Bg5 Rc8+ 42.Kd1 Nc3+ 0-1

[Event "5th American Continental (w)"]
[Site "Cali COL"]
[Date "2009.09.05"]
[Round "7.9"]
[White "Franco Valencia, Angela Maria"]
[Black "Romero Echeverria, Abigail"]
[Result "1-0"]
[WhiteElo "2170"]
[BlackElo "2064"]
[EventDate "2009.09.01"]
[PlyCount "89"]

1.e4 c5 2.Nf3 e6 3.d4 cxd4 4.Nxd4 a6 5.Nc3 b5 6.Bd3 Qb6 7.Nf3 Qc7 8.O-O d6
9.a4 b4 10.Na2 Nc6 11.Bd2 Nf6 12.Qe1 a5 13.c3 bxc3 14.Nxc3 Be7 15.Nb5 Qb7 
16.Nbd4 Nxd4 17.Nxd4 O-O 18.Nb5 Bd7 19.f3 Qb6+ 20.Kh1 Rfc8 21.Qg3 e5 22.
Qe1 Be6 23.Bc3 Nd7 24.Na3 Nc5 25.Bb5 Nb3 26.Rd1 Bg5 27.Qe2 Qc5 28.Qd3 Be7 
29.f4 exf4 30.Rxf4 Bg5 31.Qg3 g6 32.Rf5 Bxf5 33.Qxg5 Bxe4 34.Qf6 Kf8 35.
Rxd6 Qf5 36.Qg7+ Ke7 37.Rd7+ Ke6 38.Rxf7 Bxg2+ 39.Kg1 Qc5+ 40.Kxg2 Qg5+ 
41.Kf1 Rxc3 42.Bd7+ Kd5 43.Qxc3 Nd2+ 44.Ke1 Ne4 45.Qd3+ 1-0

[Event "5th American Continental (w)"]
[Site "Cali COL"]
[Date "2009.09.05"]
[Round "7.10"]
[White "Ubaldo Suarez, Maria Gisela"]
[Black "Hernandez Guerrero, Yadira"]
[Result "1-0"]
[WhiteElo "2120"]
[BlackElo "2199"]
[EventDate "2009.09.01"]
[PlyCount "59"]

1.d4 c5 2.d5 Nf6 3.c4 g6 4.Nc3 d6 5.e4 Bg7 6.Be2 O-O 7.f4 e6 8.Nf3 exd5 9.
cxd5 Na6 10.O-O Nc7 11.a4 Nd7 12.Ng5 a6 13.Bc4 b5 14.axb5 Nb6 15.Be2 c4 
16.bxa6 Nxa6 17.Be3 Qc7 18.Nb5 Qd7 19.Nd4 h6 20.Nge6 fxe6 21.Nxe6 Rb8 22.
Nxf8 Bxf8 23.f5 Nc5 24.fxg6 Nxe4 25.Rf7 Qe8 26.Bh5 Nxd5 27.g7 Nxe3 28.
gxf8=Q+ Qxf8 29.Rxf8+ Kxf8 30.Qf3+ 1-0